MARC details
| 000 -CABECERA |
| campo de control de longitud fija |
01009cam a2200253 a 4500 |
| 001 - NÚMERO DE CONTROL |
| campo de control |
000004717 |
| 005 - FECHA Y HORA DE LA ÚLTIMA TRANSACCIÓN |
| campo de control |
20200929151505.0 |
| 008 - DATOS DE LONGITUD FIJA--INFORMACIÓN GENERAL |
| campo de control de longitud fija |
951026s1995 ck b 001 0 spa |
| 020 ## - NÚMERO INTERNACIONAL ESTÁNDAR DEL LIBRO |
| Número Internacional Estándar del Libro |
9586552004 (obra completa) |
| 020 ## - NÚMERO INTERNACIONAL ESTÁNDAR DEL LIBRO |
| Número Internacional Estándar del Libro |
9586552020 (v. 1) |
| 020 ## - NÚMERO INTERNACIONAL ESTÁNDAR DEL LIBRO |
| Número Internacional Estándar del Libro |
9586552012 (v. 2) |
| 040 ## - FUENTE DE LA CATALOGACIÓN |
| Centro catalogador/agencia de origen |
DO-SdBNP |
| Centro/agencia transcriptor |
DLC |
| 082 ## - NÚMERO DE LA CLASIFICACIÓN DECIMAL DEWEY |
| Número de clasificación |
C860.44 |
| Número de documento/Ítem |
L776d |
| 245 00 - MENCIÓN DE TÍTULO |
| Título |
Literatura y diferencia : |
| Resto del título |
escritoras colombianas del siglo XX / |
| Mención de responsabilidad, etc. |
editoras, María Mercedes Jaramillo, Betty Osorio de Negret, Ángela Inés Robledo. |
| 260 ## - PUBLICACIÓN, DISTRIBUCIÓN, ETC. |
| Lugar de publicación, distribución, etc. |
Santafé, Bogotá : |
| Nombre del editor, distribuidor, etc. |
Uniandes ; |
| -- |
Universidad de Antioquia, |
| Fecha de publicación, distribución, etc. |
1995. |
| 300 ## - DESCRIPCIÓN FÍSICA |
| Extensión |
2 v. ; |
| Dimensiones |
22 cm. |
| 650 #4 - PUNTO DE ACCESO ADICIONAL DE MATERIA--TÉRMINO DE MATERIA |
| Término de materia o nombre geográfico como elemento de entrada |
Literatura colombiana |
| Subdivisión general |
Historia y crítica |
| Subdivisión cronológica |
SIGLO XX |
| 9 (RLIN) |
13734 |
| 650 #4 - PUNTO DE ACCESO ADICIONAL DE MATERIA--TÉRMINO DE MATERIA |
| Término de materia o nombre geográfico como elemento de entrada |
Mujeres como autoras |
| Subdivisión geográfica |
Colombia |
| 9 (RLIN) |
13735 |
| 650 #4 - PUNTO DE ACCESO ADICIONAL DE MATERIA--TÉRMINO DE MATERIA |
| Término de materia o nombre geográfico como elemento de entrada |
Literatura feminista |
| 9 (RLIN) |
13736 |
| 700 1# - PUNTO DE ACCESO ADICIONAL--NOMBRE DE PERSONA |
| Nombre de persona |
Jaramillo, María Mercedes, |
| Fechas asociadas al nombre |
1949- |
| Término indicativo de función/relación |
ed. |
| 9 (RLIN) |
13737 |
| 700 1# - PUNTO DE ACCESO ADICIONAL--NOMBRE DE PERSONA |
| Nombre de persona |
Osorio de Negret, Betty, |
| Fechas asociadas al nombre |
1951- |
| Término indicativo de función/relación |
ed. |
| 9 (RLIN) |
13738 |
| 700 1# - PUNTO DE ACCESO ADICIONAL--NOMBRE DE PERSONA |
| Nombre de persona |
Robledo, Ángela Inés, |
| Fechas asociadas al nombre |
1954- |
| Término indicativo de función/relación |
ed. |
| 9 (RLIN) |
11406 |
| 910 ## - DATOS DE OPCIÓN DEL USUARIO (OCLC) |
| Datos de opción del usuario |
Catalogación por copia / LC |